Borcímke és csomagolás dizájn

Elmentve itt :
Bibliográfiai részletek
Szerző: Kohlmann-Kovács Zsuzsanna Orsolya
További közreműködők: Roskó Gábor Péter (Témavezető)
Dokumentumtípus: Szakdolgozat
Megjelent: 2018
Tárgyszavak:
Online Access:http://diploma.bibl.u-szeged.hu/75541
LEADER 00683nta a2200169 i 4500
001 dipl75541
005 20190429132109.0
008 190429s2018 hu om 0|| zxx d
040 |a SZTE Diploma Repozitórium  |b hun 
041 |a zxx 
100 2 |a Kohlmann-Kovács Zsuzsanna Orsolya 
245 1 0 |a Borcímke és csomagolás dizájn  |h [elektronikus dokumentum] /  |c Zsuzsanna Orsolya Kohlmann-Kovács 
246 1 0 |a Wine Label and Packaging Design  |h [elektronikus dokumentum] 
260 |c 2018 
650 4 |a Pedagógusképzés 
700 1 |a Roskó Gábor Péter  |e ths 
856 4 0 |u http://diploma.bibl.u-szeged.hu/id/eprint/75541/1/2018_Kohlmann_Kov%C3%A1cs_Zsuzsanna_Orsolya_EMXRCZ_SZ.pdf  |z Dokumentum-elérés